000 00489nam a22001697a 4500
999 _c160828
_d160828
005 20190212125031.0
010 _aB-226339
020 _a817649268-X
_c175.00
035 _aB-226339
037 _bViva Books Private Limited
082 _a378.166
100 _aTracy, Eileen
245 _aThe student's guide to exam success /
_cEileen Tracy
260 _aNew Delhi
_bViva Books Private Limited
_c2002
300 _a184p.
_c22cm(pbk)
942 _2ddc
_cEN
_h378.166
_mTRA